| 000 | 01288nam a2200325Ia 4500 | ||
|---|---|---|---|
| 001 | ebr10057619 | ||
| 003 | CaPaEBR | ||
| 006 | m u | ||
| 007 | cr cn||||||||| | ||
| 008 | 950323s1995 enk sb 001 0 eng d | ||
| 010 | _z 95014321 | ||
| 020 | _z0203169212 | ||
| 020 | _z0415011736 | ||
| 040 |
_aCaPaEBR _cCaPaEBR |
||
| 035 | _a(OCoLC)252720491 | ||
| 050 | 1 | 4 |
_aBR115.P7 _bN39 1995eb |
| 082 | 0 | 4 |
_a322/.1/09033 _220 |
| 100 | 1 |
_aNicholls, David, _d1936- |
|
| 245 | 1 | 0 |
_aGod and government in an 'age of reason' _h[electronic resource] / _cDavid Nicholls. |
| 260 |
_aLondon ; _aNew York : _bRoutledge, _c1995. |
||
| 300 | _axi, 278 p. | ||
| 504 | _aIncludes bibliographical references (p. 260-270) and index. | ||
| 533 |
_aElectronic reproduction. _bPalo Alto, Calif. : _cebrary, _d2007. _nAvailable via World Wide Web. _nAccess may be limited to ebrary affiliated libraries. |
||
| 650 | 0 |
_aChristianity and politics _xHistory _y18th century. |
|
| 650 | 0 |
_aChurch and state _xHistory _y18th century. |
|
| 650 | 0 |
_aImage of God _xHistory of doctrines _y18th century. |
|
| 655 | 7 |
_aElectronic books. _2local |
|
| 710 | 2 | _aebrary, Inc. | |
| 856 | 4 | 0 |
_uhttp://site.ebrary.com/lib/rucke/Doc?id=10057619 _zAn electronic book accessible through the World Wide Web; click to view |
| 999 |
_c71812 _d71812 |
||